00273nam a2200097Ia 4500008004100000082001800041100002600059245003100085260003500116300002400151230907s9999||||xx |||||||||||||| ||und|| a621.3192bSAD aSadiku, Matthew N. O. 0aApplied circuit analysis / aMcGraw-Hill,bNew York :c2013 axi, 581, [109] p. :